000 00915 a2200253 4500
003 UA-OsUOA
005 20230206122717.0
008 210129b un ||||| |||| 00| 0 ukr d
020 _a0919452280
040 _aUA-OsUOA
_bukr
_cUA-OsUOA
_dUA-OsUOA
041 _aukr
080 _a821.161.2
090 _a821.161.2
_bС47
100 _aСлавутич Я.
245 _aЗавойовники прерій
_cЯр Славутич
246 _aThe Conquerors of the Prairies
250 _a3-тє доп. вид. з англ. пер.
260 _bЕдмонтон
_c1984
_aСлавута
300 _a128 с.
650 _2UDC
_a821 Художня література окремими мовами і мовними сім'ями
942 _cBK
_2udc
955 _a3
999 _c570114
_d570114